| 000 | 01245cam a2200325 a 4500 | ||
|---|---|---|---|
| 999 |
_c2765 _d2765 |
||
| 001 | 00224901 | ||
| 003 | OCoLC | ||
| 005 | 20230819151510.0 | ||
| 008 | 110422s2008 enka g 000 j eng d | ||
| 020 | _a9780194791083 | ||
| 020 | _a0194791084 | ||
| 040 |
_aSIKNM _eppiak _bslv _cSILIS _dKH8 |
||
| 042 | _anbic | ||
| 044 |
_axxk _cgbr |
||
| 082 | _a428.6 ESC | ||
| 100 |
_aEscott, John, _eauthor. |
||
| 245 | 1 | 0 |
_aAs the inspector said and other stories / _cretold by John Escott ; [illustrated by Fiona MacVicar] |
| 246 | 3 | _aAs the inspector said. | |
| 260 |
_aOxford : _bOxford University Press, _c2008. |
||
| 300 |
_a72 str. : _bilustr. ; _c20 cm. |
||
| 490 | 1 | _aOxford bookworms Library. Crime & Mystery, Stage 3. | |
| 505 | 0 | 0 | _aAs the inspector said --- / Cyril Hare. The man who cut off my hair / Richard Marsch. The railway crossing / Freeman Wills Croft. The blue cross / G. K. Chesterton. Cash on delivery / Edmund Crispin. |
| 650 | 0 | _aReaders for new literates. | |
| 650 | 0 | _aDetective and mystery stories, English. | |
| 653 | 0 |
_aangleščina _aprirejene izdaje. |
|
| 700 | 1 | 2 |
_aEscott, John. _4adp. |
| 700 | 1 |
_aMacVicar, Fiona. _4ill. |
|
| 830 | 0 |
_aOxford bookworms Library. _nCrime & Mystery, _pStage 3. |
|
| 942 |
_2ddc _cTR |
||